NBA Players by Meme - Statistics

General Stats
  • This quiz has been taken 2,272 times
    1,755 since last reset
  • The average score is 23 of 28
Answer Stats
Picture Answer % Correct
LeBron James
100%
Shaquille O'Neal
99%
Michael Jordan
98%
Stephen Curry
98%
James Harden
97%
Luka Doncic
92%
Kevin Durant
90%
Austin Reaves
89%
Kawhi Leonard
89%
Yao Ming
89%
Russell Westbrook
88%
Charles Barkley
87%
Jimmy Butler
87%
Draymond Green
86%
Kyrie Irving
86%
Derrick Rose
85%
Karl-Anthony Towns
85%
Magic Johnson
84%
Tim Duncan
84%
Jordan Poole
81%
Joakim Noah
78%
J.R. Smith
75%
DeAndre Jordan
71%
Josh Hart
66%
Bobby Portis
64%
P.J. Tucker
61%
Nick Young
54%
Jalen Rose
43%
No matching quizzes found
Score Distribution
Percent of People with Each Score
Percentile by Number Answered
Your Score History
You have not taken this quiz since the last reset